| 000 | 00000nam 2200000za 4500 |
| 001 | 9.643397 |
| 003 | CaOODSP |
| 005 | 20221107134348 |
| 007 | cr ||||||||||| |
| 008 | 150407s1957||||xxca||||o f000 0 fre d |
| 040 | |aCaOODSP|bfre |
| 043 | |an-cn--- |
| 086 | 1 |aA53-990/1957F-PDF |
| 100 | 1 |aAndison, Harry. |
| 245 | 10|aInsectes communs du fraisier et moyens de les combattre |h[ressource électronique] / |cpar H. Andison. |
| 260 | |aOttawa : |bMinistère de l'Agriculture du Canada : |bServices des sciences, Division de l'entomologie, |c1957. |
| 300 | |a22 p. : |bill. |
| 500 | |a« Publiée en juin 1957 ». |
| 500 | |aPublié aussi en anglais sous le titre : Common strawberry insects and their control. |
| 500 | |aPublication historique numérisée par Agriculture et Agroalimentaire Canada. |
| 590 | |a14-11-Supp|b2014-05-21 |
| 691 | 07|aInsecte|2gcpds |
| 691 | 07|aOrganisme nuisible|2gcpds |
| 691 | 07|aCultures fruitières|2gcpds |
| 710 | 1 |aCanada. |bMinistère de l'agriculture. |
| 710 | 1 |aCanada. |bDivision de l'entomologie. |
| 775 | 08|tCommon strawberry insects and their control |w(CaOODSP)9.699410 |
| 856 | 40|ahttp://publications.gc.ca|qPDF|s2.3 Mo|uhttps://publications.gc.ca/collections/collection_2014/aac-aafc/agrhist/A53-990-1957-fra.pdf |
| 986 | |aPublication 990 |